00348nam a22001097a 4500020001500000082003600015245007300051260003700124300003200161526003700193650000800230 a0821320076 a338.4762bKIMcKirmani, Syed S. aThe consulting profeswsion in developing countriescKirmani, Syed S. aWashingtonbThe world bankc1992 aix, 79 p. :bill, c24 cm.  a0b0c0d338_476200000000000_KIM aMCE